|
|
|
|
| LEADER |
00000nam a22000007a 4500 |
| 005 |
20110930143039.0 |
| 008 |
110930t2009 cl |||||s|||| 00||0 spa d |
| 020 |
|
|
|a 956-10-1975-2
|
| 035 |
|
|
|a 5774
|
| 040 |
|
|
|a vLex
|
| 090 |
|
|
|c 2577
|d 2577
|
| 100 |
1 |
|
|a Fernǹdez Richard, Još
|
| 245 |
1 |
0 |
|a Derecho urbans̕tico Chileno
|h [Recurso electrn̤ico] /
|c Jos ̌Fernǹdez Richard, Felipe Holmes salvo
|
| 256 |
|
|
|a Servicio en ln̕ea.
|
| 260 |
|
|
|a [Chile] :
|b Editorial jurd̕ica de Chile,
|c 2009
|
| 300 |
|
|
|a 1 recurso electrn̤ico
|
| 506 |
1 |
|
|a Contenido solo disponible en los productos indicados
|d vLex Global
|d vLex Global (Academic Edition, excluding Law Schools)
|d vLex Global (U.S. Academic Edition, Law Schools)
|d vLex Global (U.S. Academic Edition, excluding Law Schools)
|d vLex Global (Academic Edition, Law Schools)
|
| 650 |
0 |
4 |
|a Derecho urbans̕tico
|z Chile
|
| 700 |
1 |
|
|a Holmes Salvo, Felipe
|
| 740 |
0 |
|
|a vLex Libros (Servicio en ln̕ea)
|
| 856 |
4 |
0 |
|u http://vlex.com/source/derecho-urbanistico-chileno-5774
|z Acceso restringido
|
| 942 |
|
|
|c BOOK
|